Harry Potter Quiz 2 - Statistiken

Allgemein
  • Dieses Quiz wurde 634 mal gespielt
  • Das Durchschnittsergebnis liegt bei 6 aus 15
Antwortstatistiken
Frage Antwort % Korrekt
Welchen Form hat der Patronus von Hermine? Otter
80%
Wer hat Harry Potter den Nimbus 2000 in Teil 1 geschickt? Minerva McGonagall
79%
Nach all den Jahren? Immer
60%
Wie heißt der Werwolf, der Remus als Kind gebissen hat? Fenrir Greyback
58%
Wie hieß der Spiegel aus dem ersten Teil? Nerhegeb
58%
Wie hieß der Bruder von Sirius Black? Regulus Arcturus Black
53%
Als wen gibt sich Harry aus, als er vom Fahrenden Ritter aufgelesen wird? (Buch) Neville
49%
Als was wird ein Bezoar meistens benutzt? Gegengift
46%
Wie heißt neben Rose das zweite Kind von Ron und Hermine? Hugo
44%
Wer war im dritten Schuljahr Lehrer für die Geschichte der Zauberei? Professor Binns
39%
Welcher Spezies gehört Aragog an? Acromantula
27%
Wie alt war Dumbledore als er starb? 115
23%
Wie nennt man es, wenn man das Gedächtnis eines Menschen löscht? Obliviieren
16%
Wie heißt die Mutter von Hagrid? Fridwulfa
7%
Welche zwei Tiere sind daran beteiligt wenn ein Basilisk schlüpft? Kröte und Huhn
4%
Keine übereinstimmenden Quizze gefunden
Verteilung der Resultate
Anzahl Personen mit jedem Resultat
Perzentil nach korrekt beantworteten Fragen
Ihre Resultats-Entwicklung
Sie haben dieses Quiz noch nicht gespielt